Movies Quiz

Random Movies or Celebrity Quiz

Actors' Eyes Quiz Stats

 Plays Quiz Updated Dec 5, 2018

Support Sporcle.
Go Orange.
Score 0/12 Timer 04:00
4 Plays Today
% Correct
Tom Hanks
87.9%
Nicolas Cage
86.4%
Keanu Reeves
71.8%
Matt Damon
67.4%
Elijah Wood
65.3%
Bruce Willis
53.7%
James Franco
49.4%
Ian McKellen
48.7%
Robert De Niro
42.3%
Mel Gibson
41.5%
Kevin Spacey
25.8%
Edward Norton
20.8%

From the Vault

US Presidential Election Winners

by awesomeness365

History 5m
If only voting was actually this simple.
Remove Ads.
Support Sporcle.
Get the best of Sporcle when you Go Orange. This ad-free experience offers more features, more stats, and more fun while also helping to support Sporcle. Thank you for becoming a member.

Show Comments

Extras

Top Quizzes Today


Score Distribution

Your Account Isn't Verified!

In order to create a playlist on Sporcle, you need to verify the email address you used during registration. Go to your Sporcle Settings to finish the process.

Report this User

Report this user for behavior that violates our Community Guidelines.

Details: